000 00468nam a22001337a 4500
005 20241112163445.0
008 241112b |||||||| |||| 00| 0 eng d
020 _a9781405757942
245 _aThe All England Law Reports 2011 Vol. 3
_cEditor, Widdicombe, Solicitor. Managing Editor; Stella Anna-Marie Solicitor (NSW)
260 _aLondon, United Kingdom
_bLexisNexis
_c2011
300 _axxiii, 1132 pages
_c23.5 cm
650 _2Law Reports
_xEngland
942 _2lcc
_cBK
_n0
999 _c1091
_d1091